Hóa học 11
Bao gồm các bài tập và các bài giải về những nội dung chính như: sự điện li, nitơ - phospho, cacbon - silic, đại cương về hóa học hữu cơ, hidrocacbon no - không no - thơm, nguồn hidrocacbon thiên nhiên và hệ thống hóa về hidrocacbon,......
Đã lưu trong:
| 主要作者: | |
|---|---|
| 格式: | 圖書 |
| 語言: | Undetermined |
| 出版: |
Hà Nội
Giáo Dục Việt Nam
2016
|
| 主題: | |
| 標簽: |
添加標簽
沒有標簽, 成為第一個標記此記錄!
|
| Thư viện lưu trữ: | Trung tâm Học liệu Trường Đại học Cần Thơ |
|---|
| LEADER | 01285nam a2200241Ia 4500 | ||
|---|---|---|---|
| 001 | CTU_217375 | ||
| 008 | 210402s9999 xx 000 0 und d | ||
| 020 | |c 16200 | ||
| 082 | |a 540.712 | ||
| 082 | |b Tr561 | ||
| 100 | |a Nguyễn, Xuân Trường | ||
| 245 | 0 | |a Hóa học 11 | |
| 245 | 0 | |c Nguyễn Xuân Trường (Tổng chủ biên) | |
| 260 | |a Hà Nội | ||
| 260 | |b Giáo Dục Việt Nam | ||
| 260 | |c 2016 | ||
| 520 | |a Bao gồm các bài tập và các bài giải về những nội dung chính như: sự điện li, nitơ - phospho, cacbon - silic, đại cương về hóa học hữu cơ, hidrocacbon no - không no - thơm, nguồn hidrocacbon thiên nhiên và hệ thống hóa về hidrocacbon,... | ||
| 526 | |a Tập giảng Hóa học,Thiết kế bài tập Hóa học,Đánh giá kết quả học tập Toán và Khoa học tự nhiên,Phát triển chương trình giáo dục Toán và Khoa học tự nhiên | ||
| 526 | |b SG176,SP519,SG422,SG431 | ||
| 650 | |a Hóa học,Chemistry | ||
| 650 | |x Dạy và học (Trung học),Study and teaching (Secondary) | ||
| 904 | |i Cúc,My,Hải | ||
| 980 | |a Trung tâm Học liệu Trường Đại học Cần Thơ | ||